[Event "Olomouc Summmer op 21st"]
[Site "Olomouc"]
[Date "2018.08.18"]
[Round "9"]
[White "Zielinski, Wojciech"]
[Black "Schmid, Thomas2222"]
[Result "1/2-1/2"]
[WhiteElo "2157"]
[BlackElo "2109"]
[PlyCount "39"]
[EventDate "2018.08.11"]
[EventType "swiss"]
[EventRounds "9"]
[EventCountry "CZE"]
[SourceTitle "CBM 186 Extra"]
[Source "ChessBase"]
[SourceDate "2018.08.24"]
[SourceVersion "1"]
[SourceVersionDate "2018.08.24"]
[SourceQuality "1"]

1. e4 c5 2. Nf3 d6 3. d4 cxd4 4. Nxd4 Nf6 5. f3 Nc6 6. c4 Qb6 7. Nc2 e6 8. Nc3 Be7 9. Rb1 0-0 10. Be3 Qc7 11. Be2 Rd8 12. Qd2 a6 13. 0-0 Ne5 14. b3 d5 15. cxd5 exd5 16. Nxd5 Nxd5 17. exd5 Be6 18. Nd4 Bxd5 19. Rbc1 Nc6 20. Nxc6 1/2-1/2

[Event "Olomouc Summmer op 21st"]
[Site "Olomouc"]
[Date "2018.08.16"]
[Round "7"]
[White "Bronowicki, Mateusz"]
[Black "Zielinski, Wojciech"]
[Result "1/2-1/2"]
[WhiteElo "2280"]
[BlackElo "2157"]
[PlyCount "74"]
[EventDate "2018.08.11"]
[EventType "swiss"]
[EventRounds "9"]
[EventCountry "CZE"]
[SourceTitle "CBM 186 Extra"]
[Source "ChessBase"]
[SourceDate "2018.08.24"]
[SourceVersion "1"]
[SourceVersionDate "2018.08.24"]
[SourceQuality "1"]

1. f4 d6 2. e4 g6 3. Nf3 Bg7 4. Bc4 Nf6 5. Nc3 0-0 6. e5 dxe5 7. fxe5 Ng4 8. d4 c5 9. e6 cxd4 10. exf7+ Kh8 11. Ne4 Nc6 12. 0-0 Qb6 13. Kh1 Bf5 14. Qe2 Nce5 15. Bb3 a5 16. Nxe5 Nxe5 17. Ng5 a4 18. Bf4 axb3 19. Bxe5 Bxe5 20. Qxe5+ Qf6 21. Qf4 Rxa2 22. cxb3 Rxa1 23. Rxa1 Kg7 24. Re1 h6 25. Nf3 Rxf7 26. Qxd4 Qxd4 27. Nxd4 Kf6 28. Kg1 e5 29. Nb5 Ke6 30. Rd1 Be4 31. b4 Bc6 32. Nc3 Rf4 33. b5 Bd7 34. Ra1 Rb4 35. Ra7 Rxb2 36. Rxb7 Rb3 37. Rb6+ Kf5 1/2-1/2

[Event "Olomouc Summmer op 21st"]
[Site "Olomouc"]
[Date "2018.08.13"]
[Round "4"]
[White "Valenta, Vit"]
[Black "Zielinski, Wojciech"]
[Result "1/2-1/2"]
[WhiteElo "2085"]
[BlackElo "2157"]
[PlyCount "70"]
[EventDate "2018.08.11"]
[EventType "swiss"]
[EventRounds "9"]
[EventCountry "CZE"]
[SourceTitle "CBM 186 Extra"]
[Source "ChessBase"]
[SourceDate "2018.08.24"]
[SourceVersion "1"]
[SourceVersionDate "2018.08.24"]
[SourceQuality "1"]

1. e4 e6 2. d4 d5 3. Nc3 dxe4 4. Nxe4 Nd7 5. Nf3 Ngf6 6. Bg5 Be7 7. Nxf6+ Bxf6 8. Bxf6 Qxf6 9. Be2 0-0 10. 0-0 e5 11. dxe5 Nxe5 12. Nxe5 Qxe5 13. c3 Be6 14. Bf3 Qb5 15. b3 Rad8 16. Qc2 b6 17. Rad1 Qg5 18. Rxd8 Rxd8 19. Rd1 g6 20. Rxd8+ Qxd8 21. Qd1 Qg5 22. g3 Qe5 23. Qd2 Kg7 24. Kg2 g5 25. Bc6 h6 26. Bf3 a5 27. Bc6 Bf5 28. Bf3 Kg6 29. Kg1 Kg7 30. Bc6 Qf6 31. Bf3 c5 32. a3 Be6 33. Bd1 Qf5 34. Bc2 Qf3 35. Bd1 Qf5 1/2-1/2

[Event "Olomouc Summmer op 21st"]
[Site "Olomouc"]
[Date "2018.08.12"]
[Round "3"]
[White "Zielinski, Wojciech"]
[Black "Kalinowska, Zuzanna"]
[Result "1/2-1/2"]
[WhiteElo "2157"]
[BlackElo "2044"]
[PlyCount "54"]
[EventDate "2018.08.11"]
[EventType "swiss"]
[EventRounds "9"]
[EventCountry "CZE"]
[SourceTitle "CBM 186 Extra"]
[Source "ChessBase"]
[SourceDate "2018.08.24"]
[SourceVersion "1"]
[SourceVersionDate "2018.08.24"]
[SourceQuality "1"]

1. e4 e6 2. d4 d5 3. Nd2 Nf6 4. e5 Nfd7 5. f4 c5 6. c3 Nc6 7. Ndf3 Nb6 8. h4 h5 9. Ne2 Qc7 10. g3 Bd7 11. Bh3 cxd4 12. Nexd4 Nxd4 13. Nxd4 0-0-0 14. 0-0 Bc5 15. Kh2 g6 16. a4 Kb8 17. a5 Nc8 18. Be3 a6 19. Qd2 Ne7 20. b4 Ba7 21. Rfb1 Nf5 22. Nxf5 gxf5 23. Bxa7+ Kxa7 24. Qd4+ Kb8 25. Bf1 Rc8 26. Ra3 Bb5 27. Bxb5 axb5 1/2-1/2

[Event "Olomouc Summmer op 21st"]
[Site "Olomouc"]
[Date "2018.08.11"]
[Round "1"]
[White "Zielinski, Wojciech"]
[Black "Hertle, Philipp"]
[Result "1-0"]
[WhiteElo "2157"]
[BlackElo "1784"]
[PlyCount "87"]
[EventDate "2018.08.11"]
[EventType "swiss"]
[EventRounds "9"]
[EventCountry "CZE"]
[SourceTitle "CBM 186 Extra"]
[Source "ChessBase"]
[SourceDate "2018.08.24"]
[SourceVersion "1"]
[SourceVersionDate "2018.08.24"]
[SourceQuality "1"]

1. e4 e6 2. d4 d5 3. Nd2 Nc6 4. c3 e5 5. dxe5 Nxe5 6. Ngf3 Bg4 7. Be2 Nxf3+ 8. Nxf3 Nf6 9. e5 Ne4 10. h3 Be6 11. Be3 Be7 12. 0-0 0-0 13. Nd2 f5 14. exf6 Nxf6 15. Bf3 Qd7 16. Nb3 b6 17. Nd4 Bf7 18. Qd3 Bg6 19. Qb5 Qd6 20. Qc6 a6 21. Rad1 Qxc6 22. Nxc6 Bd6 23. Bg5 Bc2 24. Rd2 Be4 25. Bd1 h6 26. Be3 Rae8 27. Bb3 Kh8 28. Re1 Bf5 29. Red1 Bd7 30. Nb4 Bxb4 31. cxb4 Bc6 32. Rc2 Ba8 33. Rxc7 Re4 34. Bxb6 Re2 35. Bd4 Ne8 36. Ra7 Nf6 37. Bxf6 gxf6 38. Bxd5 Bxd5 39. Rxd5 Rxb2 40. Rdd7 Rc8 41. Rxa6 Rxb4 42. Rxf6 Ra4 43. Rxh6+ Kg8 44. Rhh7 1-0

[Event "Suwalki Warakomska Memorial-A op"]
[Site "Suwalki"]
[Date "2018.08.08"]
[Round "9"]
[White "Zielinski, Wojciech"]
[Black "Zgadzaj, Rafal"]
[Result "1-0"]
[WhiteElo "2169"]
[BlackElo "2154"]
[PlyCount "117"]
[EventDate "2018.08.01"]
[EventType "swiss"]
[EventRounds "9"]
[EventCountry "POL"]
[SourceTitle "CBM 185 Extra"]
[Source "ChessBase"]
[SourceDate "2018.07.29"]
[SourceVersion "1"]
[SourceVersionDate "2018.07.29"]
[SourceQuality "1"]
[WhiteTeam "Poland"]
[BlackTeam "Poland"]
[WhiteTeamCountry "POL"]
[BlackTeamCountry "POL"]

1. e4 d6 2. d4 Nf6 3. Bd3 g6 4. f4 Bg7 5. Nf3 0-0 6. Qe2 Na6 7. c3 c5 8. a3 Nb8 9. 0-0 Nh5 10. Be3 Bg4 11. Qf2 Bxf3 12. Qxf3 cxd4 13. cxd4 Nc6 14. g4 Nf6 15. d5 Na5 16. Nd2 Qd7 17. h3 b6 18. b4 Nb7 19. a4 Rac8 20. Bb5 Qc7 21. Bc6 e6 22. Rac1 Qe7 23. dxe6 fxe6 24. e5 dxe5 25. Bxb7 Rxc1 26. Rxc1 Qxb4 27. Rc4 Qb2 28. Qc6 exf4 29. Qxe6+ Kh8 30. Bxf4 Re8 31. Rc8 Qa1+ 32. Nf1 Qxa4 33. Be3 Rxc8 34. Qxc8+ Qe8 35. Qxe8+ Nxe8 36. Bd5 Nc7 37. Bb3 Nb5 38. Nd2 Nd4 39. Bd5 Nc2 40. Bf4 Bd4+ 41. Kh2 Kg7 42. Bb8 Ne3 43. Bb3 b5 44. Nf3 Bb6 45. Be5+ Kf8 46. Bd4 Bxd4 47. Nxd4 Nf1+ 48. Kg2 Nd2 49. Bd5 Nc4 50. Kf3 Nd6 51. Kf4 a5 52. Ke5 Nc4+ 53. Kf6 Nb6 54. Be6 b4 55. Nc6 Nd7+ 56. Bxd7 b3 57. Be6 a4 58. Bf7 b2 59. Ne5 1-0

[Event "POL-ch Academic"]
[Site "Katowice"]
[Date "2018.02.03"]
[Round "7"]
[White "Zielinski, Wojciech"]
[Black "Piesik, Piotr"]
[Result "1/2-1/2"]
[WhiteElo "2169"]
[BlackElo "2380"]
[PlyCount "52"]
[EventDate "2018.02.02"]
[EventType "swiss (rapid)"]
[EventRounds "9"]
[EventCountry "POL"]
[SourceTitle "CBM 182 Extra"]
[Source "ChessBase"]
[SourceDate "2018.02.23"]
[SourceVersion "1"]
[SourceVersionDate "2018.02.23"]
[SourceQuality "1"]

1. Nf3 g6 2. e4 Bg7 3. d4 c6 4. c4 d5 5. exd5 cxd5 6. Nc3 Nf6 7. Bg5 Ne4 8. cxd5 Nxg5 9. Nxg5 0-0 10. Nf3 Bg4 11. Be2 Qb6 12. 0-0 Bxf3 13. Bxf3 Bxd4 14. Qd2 Nd7 15. Rfd1 Bg7 16. d6 exd6 17. Qxd6 Nc5 18. Qxb6 axb6 19. Rd6 Rfe8 20. Rxb6 Bxc3 21. bxc3 Rxa2 22. Rbb1 Rea8 23. Rxa2 Rxa2 24. h4 Rc2 25. Bxb7 Nxb7 26. Rxb7 Rxc3 1/2-1/2

[Event "POL-ch Academic"]
[Site "Katowice"]
[Date "2018.02.03"]
[Round "8"]
[White "Zielinski, Wojciech"]
[Black "Sadzikowski, Daniel"]
[Result "0-1"]
[WhiteElo "2169"]
[BlackElo "2584"]
[PlyCount "131"]
[EventDate "2018.02.02"]
[EventType "swiss (rapid)"]
[EventRounds "9"]
[EventCountry "POL"]
[SourceTitle "CBM 182 Extra"]
[Source "ChessBase"]
[SourceDate "2018.02.23"]
[SourceVersion "1"]
[SourceVersionDate "2018.02.23"]
[SourceQuality "1"]

1. Nf3 c5 2. e4 d6 3. d4 cxd4 4. Nxd4 Nf6 5. f3 e5 6. Nb3 Be6 7. c4 Nbd7 8. Be3 Rc8 9. N3d2 Be7 10. Nc3 a6 11. Be2 h5 12. 0-0 h4 13. Rc1 Nh5 14. Nd5 Bg5 15. Qb3 Bxd5 16. cxd5 Bxe3+ 17. Qxe3 Nf4 18. Rxc8 Qxc8 19. Nb3 Ke7 20. Rc1 Qb8 21. Bf1 Rc8 22. Rxc8 Qxc8 23. g3 hxg3 24. hxg3 Ng6 25. Qc1 Qxc1 26. Nxc1 Kd8 27. Kf2 Ne7 28. Ke3 f5 29. Bh3 g6 30. b4 Nf6 31. Kd3 Kc7 32. Ne2 Kb6 33. a3 a5 34. Nc3 Nh5 35. Ne2 axb4 36. axb4 fxe4+ 37. fxe4 Kb5 38. Kc3 Nf6 39. Bg2 Neg8 40. Kb3 Nh6 41. Nc3+ Kb6 42. Na4+ Kc7 43. Nc3 Nhg4 44. Nb5+ Kd7 45. Bh3 Ke7 46. Bxg4 Nxg4 47. Kc4 Nf2 48. Nc3 Kd7 49. Kb5 Kc7 50. Kc4 Kb6 51. Na4+ Kc7 52. Nc3 Ng4 53. Nb5+ Kd7 54. Nc3 Nf6 55. Kd3 Ne8 56. Kc4 Kc7 57. Nb5+ Kb6 58. Nc3 Nc7 59. Na4+ Ka6 60. Nc3 b6 61. Nd1 Nb5 62. Ne3 Nd4 63. Ng2 Kb7 64. Nh4 g5 65. Nf5 b5+ 66. Kd3 0-1

[Event "Rubinstein Memorial-A 53rd"]
[Site "Polanica Zdroj"]
[Date "2017.08.24"]
[Round "6"]
[White "Zaleski, Lukasz"]
[Black "Zielinski, Wojciech"]
[Result "1/2-1/2"]
[WhiteElo "2267"]
[BlackElo "2105"]
[PlyCount "74"]
[EventDate "2017.08.19"]
[EventType "swiss"]
[EventRounds "9"]
[EventCountry "POL"]
[SourceTitle "CBM 180 Extra"]
[Source "ChessBase"]
[SourceDate "2017.10.06"]
[SourceVersion "1"]
[SourceVersionDate "2017.10.06"]
[SourceQuality "1"]

1. e4 d5 2. exd5 Nf6 3. d4 Nxd5 4. c4 Nf6 5. Nc3 g6 6. h3 Bg7 7. Nf3 0-0 8. Bf4 c6 9. Qd2 Re8 10. Be2 Bf5 11. Qe3 Qb6 12. 0-0-0 e5 13. dxe5 Qxe3+ 14. Bxe3 Ne4 15. Nxe4 Bxe4 16. Bf4 Na6 17. Rhe1 Rad8 18. Rxd8 Rxd8 19. Rd1 Rxd1+ 20. Kxd1 Nc5 21. Be3 Bxf3 22. gxf3 b6 23. f4 Bh6 24. Kc2 Ne6 25. f5 Bxe3 26. fxe6 Bc5 27. exf7+ Kxf7 28. f4 Be3 29. Kd3 Bxf4 30. Ke4 Bc1 31. b4 a6 32. a4 Bd2 33. b5 axb5 34. cxb5 cxb5 35. Bxb5 Ke7 36. Bc4 h6 37. Kd5 Be3 1/2-1/2

[Event "Rubinstein Memorial-A 53rd"]
[Site "Polanica Zdroj"]
[Date "2017.08.23"]
[Round "5"]
[White "Zielinski, Wojciech"]
[Black "Shishkin, Vadim"]
[Result "0-1"]
[WhiteElo "2105"]
[BlackElo "2454"]
[PlyCount "94"]
[EventDate "2017.08.19"]
[EventType "swiss"]
[EventRounds "9"]
[EventCountry "POL"]
[SourceTitle "CBM 180 Extra"]
[Source "ChessBase"]
[SourceDate "2017.10.06"]
[SourceVersion "1"]
[SourceVersionDate "2017.10.06"]
[SourceQuality "1"]

1. Nf3 g6 2. e4 Bg7 3. d4 d6 4. Nc3 a6 5. a4 b6 6. Bc4 e6 7. 0-0 Ne7 8. Re1 0-0 9. Bg5 h6 10. Bh4 Bb7 11. Qe2 Re8 12. Rad1 Nd7 13. h3 c6 14. Nh2 b5 15. Bb3 b4 16. Na2 a5 17. f4 Qb6 18. Bf2 c5 19. Nf3 Rac8 20. Bc4 d5 21. Bb5 Bc6 22. dxc5 Nxc5 23. e5 Bxb5 24. axb5 Qb7 25. Nc1 Ne4 26. Nb3 Nxf2 27. Kxf2 Rc4 28. Nbd4 Nf5 29. b3 Nxd4 30. Nxd4 Rc3 31. Rd3 Rec8 32. Red1 Bf8 33. Rxc3 Rxc3 34. Rd3 Bc5 35. Rxc3 Bxd4+ 36. Re3 Qb6 37. Kf3 Bxe3 38. Qxe3 Qxb5 39. Qa7 Qf1+ 40. Kg3 Qe1+ 41. Kh2 Qd2 42. Qxa5 Qxf4+ 43. Kh1 Kg7 44. Qa1 Qe4 45. Kg1 Qxc2 46. Qf1 Qf5 47. Qe1 Qe4 0-1

[Event "Rubinstein Memorial-A 53rd"]
[Site "Polanica Zdroj"]
[Date "2017.08.21"]
[Round "3"]
[White "Kukula, Pawel"]
[Black "Zielinski, Wojciech"]
[Result "0-1"]
[WhiteElo "2224"]
[BlackElo "2105"]
[PlyCount "62"]
[EventDate "2017.08.19"]
[EventType "swiss"]
[EventRounds "9"]
[EventCountry "POL"]
[SourceTitle "CBM 180 Extra"]
[Source "ChessBase"]
[SourceDate "2017.10.06"]
[SourceVersion "1"]
[SourceVersionDate "2017.10.06"]
[SourceQuality "1"]

1. d4 Nf6 2. c4 e6 3. Nc3 d5 4. cxd5 exd5 5. Bg5 Be7 6. Qc2 h6 7. Bxf6 Bxf6 8. e3 0-0 9. Bd3 Re8 10. Nge2 c6 11. 0-0 Nd7 12. b4 a6 13. a4 Nb6 14. b5 axb5 15. axb5 Bd7 16. Rxa8 Qxa8 17. bxc6 Bxc6 18. Qb3 Nc4 19. Bxc4 dxc4 20. Qxc4 b5 21. Qa2 b4 22. Qxa8 Rxa8 23. Nb1 Bb5 24. Re1 Ra1 25. Kf1 Ra2 26. f4 Rb2 27. Kf2 Bxe2 28. Rxe2 Rxb1 29. Rc2 b3 30. Rc8+ Kh7 31. Rb8 b2 0-1

[Event "Suwalki Warakomska Memorial 1st"]
[Site "Suwalki"]
[Date "2017.08.13"]
[Round "4"]
[White "Barski, Radoslaw"]
[Black "Zielinski, Wojciech"]
[Result "1/2-1/2"]
[WhiteElo "2444"]
[BlackElo "2105"]
[PlyCount "94"]
[EventDate "2017.08.11"]
[EventType "swiss"]
[EventRounds "9"]
[EventCountry "POL"]
[SourceTitle "CBM 180 Extra"]
[Source "ChessBase"]
[SourceDate "2017.10.06"]
[SourceVersion "1"]
[SourceVersionDate "2017.10.06"]
[SourceQuality "1"]

1. e4 e6 2. d4 d5 3. Nd2 dxe4 4. Nxe4 Nd7 5. Nf3 Ngf6 6. Nxf6+ Nxf6 7. Be3 Nd5 8. Bd2 Be7 9. Bd3 Bf6 10. c3 Qd6 11. Qe2 Nf4 12. Bxf4 Qxf4 13. g3 Qd6 14. 0-0-0 Bd7 15. Be4 0-0-0 16. Ne5 Bxe5 17. dxe5 Qc5 18. Qf3 Qxe5 19. Bxb7+ Kb8 20. Rd4 c5 21. Ba6 Qc7 22. Rd6 Bc8 23. Rxd8 Rxd8 24. Bxc8 Kxc8 25. Qa8+ Qb8 26. Qc6+ Qc7 27. Qa8+ Qb8 28. Qxb8+ Kxb8 29. Rd1 Rd5 30. Kc2 Kc7 31. Re1 Kd6 32. Re4 Re5 33. Rxe5 Kxe5 34. Kd3 Kd5 35. b4 a6 36. a4 cxb4 37. cxb4 e5 38. g4 e4+ 39. Kc3 f6 40. h4 g6 41. b5 axb5 42. axb5 Kc5 43. b6 Kxb6 44. Kd4 Kc6 45. Kxe4 Kd6 46. f3 Ke6 47. Kd4 Kd6 1/2-1/2

[Event "Suwalki Warakomska Memorial 1st"]
[Site "Suwalki"]
[Date "2017.08.11"]
[Round "1"]
[White "Zielinski, Wojciech"]
[Black "Koziol, Kamil"]
[Result "1/2-1/2"]
[WhiteElo "2105"]
[BlackElo "2321"]
[PlyCount "156"]
[EventDate "2017.08.11"]
[EventType "swiss"]
[EventRounds "9"]
[EventCountry "POL"]
[SourceTitle "CBM 180 Extra"]
[Source "ChessBase"]
[SourceDate "2017.10.06"]
[SourceVersion "1"]
[SourceVersionDate "2017.10.06"]
[SourceQuality "1"]

1. Nf3 Nf6 2. b3 d5 3. Bb2 Bf5 4. e3 h6 5. c4 e6 6. Be2 c6 7. 0-0 Bd6 8. Qc1 Nbd7 9. Ba3 c5 10. cxd5 exd5 11. d4 Rc8 12. Qb2 0-0 13. dxc5 Nxc5 14. Nc3 Ng4 15. Nb5 Bb8 16. Rac1 b6 17. Rfd1 Re8 18. Nbd4 Be4 19. Bb5 Bxf3 20. Nxf3 Re4 21. Qd2 Nf6 22. b4 Ne6 23. Bd3 Rxc1 24. Rxc1 Rg4 25. h3 Ne4 26. Qc2 Rg6 27. Bxe4 dxe4 28. Qxe4 Ng5 29. Nxg5 Rxg5 30. Bb2 Rd5 31. Qg4 f6 32. g3 Kh7 33. Rc8 Rd1+ 34. Kg2 Qd3 35. Qc4 Qxc4 36. Rxc4 Rd2 37. Bd4 Rxa2 38. Rc8 Bd6 39. b5 Ra5 40. Ra8 Bc5 41. Bxc5 bxc5 42. Kf3 c4 43. Ke4 c3 44. Kd3 Rxb5 45. Kxc3 Ra5 46. Kd3 Ra2 47. f3 h5 48. Ke4 Kg6 49. f4 f5+ 50. Kf3 Kh7 51. g4 fxg4+ 52. Kg3 gxh3 53. Kxh3 Kg6 54. Kh4 Rh2+ 55. Kg3 Ra2 56. Kh4 Ra3 57. e4 Ra4 58. f5+ Kf6 59. Kxh5 Rxe4 60. Rxa7 Rf4 61. Rb7 Rxf5+ 62. Kg4 Rg5+ 63. Kf4 Rf5+ 64. Kg4 Rg5+ 65. Kf4 Ra5 66. Rb6+ Kf7 67. Kg4 g6 68. Rb7+ Kf6 69. Rb6+ Kg7 70. Rb8 Ra4+ 71. Kg5 Ra7 72. Rc8 Rf7 73. Ra8 Rf5+ 74. Kg4 Rb5 75. Rc8 Ra5 76. Rb8 Kh6 77. Rh8+ Kg7 78. Rb8 Rc5 1/2-1/2

[Event "POL-chT 2nd League"]
[Site "Jastrzebia Gora"]
[Date "2016.09.11"]
[Round "9.27"]
[White "Zielinski, Wojciech"]
[Black "Bednarczyk, Damian"]
[Result "1-0"]
[WhiteElo "2136"]
[BlackElo "2158"]
[PlyCount "91"]
[EventDate "2016.09.03"]
[EventType "team-swiss"]
[EventRounds "9"]
[EventCountry "POL"]
[SourceTitle "EXT 2017"]
[Source "ChessBase"]
[SourceDate "2016.10.25"]
[SourceVersion "1"]
[SourceVersionDate "2016.10.25"]
[SourceQuality "1"]
[WhiteTeam "Gostynin Gostmat 83"]
[BlackTeam "Wieliczka MKS MOS"]
[WhiteTeamCountry "POL"]
[BlackTeamCountry "POL"]

1. e4 c5 2. Nf3 d6 3. d4 cxd4 4. Nxd4 Nf6 5. f3 Nc6 6. c4 Qb6 7. Nxc6 bxc6 8. Nc3 e5 9. Bd3 Be6 10. Qe2 Be7 11. Be3 Qc7 12. 0-0 0-0 13. Kh1 Rab8 14. Rac1 Nd7 15. Nd5 Qd8 16. Nxe7+ Qxe7 17. b3 c5 18. Rcd1 Rbd8 19. Bb1 f6 20. Rd3 Nb8 21. f4 exf4 22. Bxf4 Nc6 23. Qd2 Ne5 24. Rg3 Kh8 25. h3 g5 26. Be3 h5 27. Bg1 h4 28. Rc3 Kg7 29. Bc2 Rh8 30. Bd1 Qf7 31. Bh2 Qg6 32. Re3 Rd7 33. Qc3 Kf7 34. Be2 Ke7 35. b4 cxb4 36. Qxb4 Rc8 37. Bxe5 fxe5 38. Bg4 Rdc7 39. Bxe6 Qxe6 40. Ref3 Rxc4 41. Qd2 R4c7 42. Qxg5+ Ke8 43. Rf6 Qc4 44. Qg6+ Kd8 45. Rxd6+ Rd7 46. Rxd7+ 1-0

[Event "POL-chT 2nd League"]
[Site "Jastrzebia Gora"]
[Date "2016.09.09"]
[Round "7.27"]
[White "Rosicki, Marcin"]
[Black "Zielinski, Wojciech"]
[Result "1-0"]
[WhiteElo "1887"]
[BlackElo "2136"]
[PlyCount "85"]
[EventDate "2016.09.03"]
[EventType "team-swiss"]
[EventRounds "9"]
[EventCountry "POL"]
[SourceTitle "EXT 2017"]
[Source "ChessBase"]
[SourceDate "2016.10.25"]
[SourceVersion "1"]
[SourceVersionDate "2016.10.25"]
[SourceQuality "1"]
[WhiteTeam "Jaworzno JKSz MCKiS"]
[BlackTeam "Gostynin Gostmat 83"]
[WhiteTeamCountry "POL"]
[BlackTeamCountry "POL"]

1. e4 e6 2. Nf3 d5 3. Nc3 dxe4 4. Nxe4 Nf6 5. Nxf6+ Qxf6 6. d4 h6 7. Bd3 Bd6 8. 0-0 Bd7 9. Re1 Bc6 10. Ne5 Bxe5 11. dxe5 Qh4 12. c3 Nd7 13. b4 Rd8 14. Qe2 b6 15. Bc2 0-0 16. f4 Rfe8 17. Be3 Nf8 18. a4 Ng6 19. Rf1 Ne7 20. a5 Nd5 21. axb6 axb6 22. Bd2 Ra8 23. Rxa8 Rxa8 24. c4 Ra2 25. cxd5 Bxd5 26. Be1 Qd8 27. Qd3 g6 28. Bc3 Qa8 29. Rf2 Qc6 30. Bd4 Bc4 31. Qc3 Qd5 32. Rd2 b5 33. Bc5 Qa8 34. Qd4 Bd5 35. Qe3 Ra1+ 36. Rd1 Ra2 37. Qd3 Ra3 38. Qxb5 Bxg2 39. Be7 Bd5 40. Qd7 Qa7+ 41. Bc5 Qb8 42. Rxd5 exd5 43. e6 1-0

[Event "POL-chT 2nd League"]
[Site "Jastrzebia Gora"]
[Date "2016.09.06"]
[Round "4.27"]
[White "Zielinski, Wojciech"]
[Black "Chylewski, Patryk"]
[Result "1-0"]
[WhiteElo "2136"]
[BlackElo "2005"]
[PlyCount "63"]
[EventDate "2016.09.03"]
[EventType "team-swiss"]
[EventRounds "9"]
[EventCountry "POL"]
[SourceTitle "EXT 2017"]
[Source "ChessBase"]
[SourceDate "2016.10.25"]
[SourceVersion "1"]
[SourceVersionDate "2016.10.25"]
[SourceQuality "1"]
[WhiteTeam "Gostynin Gostmat 83"]
[BlackTeam "Chylice KS Laura"]
[WhiteTeamCountry "POL"]
[BlackTeamCountry "POL"]

1. e4 c5 2. Nf3 e6 3. c4 Nc6 4. d4 cxd4 5. Nxd4 Nf6 6. Nc3 Bb4 7. Nxc6 bxc6 8. Bd3 e5 9. 0-0 Bc5 10. Kh1 d6 11. h3 0-0 12. f4 exf4 13. Bxf4 Nd7 14. Na4 Qe7 15. Bc2 Rd8 16. Qd2 Ne5 17. Qc3 Bb6 18. Rad1 Ba6 19. b3 f6 20. Nxb6 axb6 21. Rf2 Rd7 22. Rfd2 Kh8 23. Qb4 Rb8 24. Rxd6 Kg8 25. c5 Rdb7 26. Bxe5 Qxe5 27. cxb6 Rxb6 28. Rd8+ Kf7 29. Qf8+ Kg6 30. R1d7 f5 31. Rxg7+ Qxg7 32. Rd6+ 1-0

[Event "POL-chT 2nd League"]
[Site "Jastrzebia Gora"]
[Date "2016.09.05"]
[Round "3.15"]
[White "Orzech, Dominik"]
[Black "Zielinski, Wojciech"]
[Result "1-0"]
[WhiteElo "2378"]
[BlackElo "2136"]
[PlyCount "69"]
[EventDate "2016.09.03"]
[EventType "team-swiss"]
[EventRounds "9"]
[EventCountry "POL"]
[SourceTitle "EXT 2017"]
[Source "ChessBase"]
[SourceDate "2016.10.25"]
[SourceVersion "1"]
[SourceVersionDate "2016.10.25"]
[SourceQuality "1"]
[WhiteTeam "Lodz Okucia Budowlane"]
[BlackTeam "Gostynin Gostmat 83"]
[WhiteTeamCountry "POL"]
[BlackTeamCountry "POL"]

1. Nf3 Nf6 2. c4 e6 3. Nc3 d5 4. d4 Be7 5. cxd5 exd5 6. Bg5 c6 7. Qc2 0-0 8. e3 h6 9. Bf4 b6 10. Bd3 Ba6 11. Bf5 Bc8 12. Bd3 Ba6 13. Bf5 Bc8 14. g4 Bxf5 15. gxf5 c5 16. Rg1 Kh8 17. 0-0-0 Nc6 18. dxc5 Rc8 19. e4 d4 20. e5 Nh5 21. Bxh6 gxh6 22. Qd2 Kh7 23. Ne4 Rg8 24. Rxg8 Qxg8 25. Rg1 Qf8 26. f6 Nxe5 27. Nxe5 Nxf6 28. Qxd4 Rd8 29. Qc4 Nxe4 30. Qxe4+ Kh8 31. Qf5 Bg5+ 32. Kb1 Re8 33. Qxf7 Qxf7 34. Nxf7+ Kg7 35. Nd6 1-0

[Event "POL-chT 2nd League"]
[Site "Szczyrk"]
[Date "2014.09.13"]
[Round "8.74"]
[White "Bus, Konrad"]
[Black "Zielinski, Wojciech"]
[Result "1-0"]
[WhiteElo "2016"]
[BlackElo "2203"]
[PlyCount "97"]
[EventDate "2014.09.06"]
[EventType "team-swiss"]
[EventRounds "9"]
[EventCountry "POL"]
[SourceTitle "EXT 2015"]
[Source "ChessBase"]
[SourceDate "2014.11.20"]
[SourceVersion "1"]
[SourceVersionDate "2014.11.20"]
[SourceQuality "1"]
[WhiteTeam "Wieliczka MKS MOS"]
[BlackTeam "Kolbudy UKS Zawisza"]
[WhiteTeamCountry "POL"]
[BlackTeamCountry "POL"]

1. d4 Nf6 2. c4 c5 3. d5 b5 4. cxb5 a6 5. bxa6 Bxa6 6. Nc3 g6 7. e4 Bxf1 8. Kxf1 d6 9. Nf3 Bg7 10. g3 0-0 11. Kg2 Nbd7 12. a4 Qb6 13. Qe2 Rfb8 14. Nb5 Ne8 15. Bg5 Kf8 16. Nd2 Nc7 17. Nc4 Qb7 18. Nxc7 Qxc7 19. a5 Qb7 20. Ra3 Qa6 21. Qc2 Rb4 22. b3 Ne5 23. Nxe5 Bxe5 24. Bd2 Rb7 25. Bc3 Bxc3 26. Qxc3 f6 27. h4 Rb4 28. Qe3 Rd4 29. h5 g5 30. Qf3 Qd3 31. Qxd3 Rxd3 32. Rha1 Ra6 33. Kh3 f5 34. exf5 Rxd5 35. Kg4 Rd4+ 36. Kxg5 h6+ 37. Kxh6 Rg4 38. Re1 Kf7 39. Ra4 Rxa4 40. bxa4 c4 41. Kh7 Kf6 42. g4 Rxa5 43. f4 e5 44. fxe6 Ra7+ 45. Kh6 d5 46. g5+ Ke7 47. f5 d4 48. f6+ Ke8 49. e7 1-0

[Event "POL-chT 2nd League"]
[Site "Szczyrk"]
[Date "2014.09.12"]
[Round "7.92"]
[White "Piskorz, Henryk"]
[Black "Zielinski, Wojciech"]
[Result "1/2-1/2"]
[WhiteElo "2040"]
[BlackElo "2203"]
[PlyCount "81"]
[EventDate "2014.09.06"]
[EventType "team-swiss"]
[EventRounds "9"]
[EventCountry "POL"]
[SourceTitle "EXT 2015"]
[Source "ChessBase"]
[SourceDate "2014.11.20"]
[SourceVersion "1"]
[SourceVersionDate "2014.11.20"]
[SourceQuality "1"]
[WhiteTeam "Drogowiec"]
[BlackTeam "Kolbudy UKS Zawisza"]
[WhiteTeamCountry "POL"]
[BlackTeamCountry "POL"]

1. e4 d6 2. d4 Nf6 3. Nc3 g6 4. Be2 Bg7 5. e5 dxe5 6. dxe5 Qxd1+ 7. Bxd1 Nfd7 8. f4 Nb6 9. Nf3 c6 10. 0-0 Na6 11. a3 Be6 12. Be2 Bc4 13. Bxc4 Nxc4 14. b3 Nb6 15. Ne4 0-0 16. c4 Rad8 17. Rb1 h6 18. Be3 Rd3 19. Kf2 Rfd8 20. Ke2 Nc8 21. Rfc1 b6 22. Rd1 Rxd1 23. Rxd1 Rxd1 24. Kxd1 Nc7 25. Kc2 Ne6 26. g4 f6 27. f5 gxf5 28. gxf5 Ng5 29. Nfxg5 fxg5 30. e6 Be5 31. h3 Nd6 32. Nxd6 Bxd6 33. a4 Be5 34. a5 bxa5 35. Kd3 Kg7 36. Ke4 Kf6 37. Bc5 Bc3 38. Bxa7 h5 39. Bb6 g4 40. hxg4 h4 41. Kf3 1/2-1/2

[Event "POL-chT 2nd League"]
[Site "Szczyrk"]
[Date "2014.09.10"]
[Round "5.85"]
[White "Zielinski, Wojciech"]
[Black "Przemyk, Grzegorz"]
[Result "0-1"]
[WhiteElo "2203"]
[BlackElo "2057"]
[PlyCount "36"]
[EventDate "2014.09.06"]
[EventType "team-swiss"]
[EventRounds "9"]
[EventCountry "POL"]
[SourceTitle "EXT 2015"]
[Source "ChessBase"]
[SourceDate "2014.11.20"]
[SourceVersion "1"]
[SourceVersionDate "2014.11.20"]
[SourceQuality "1"]
[WhiteTeam "Kolbudy UKS Zawisza"]
[BlackTeam "Pszczyna PSSz"]
[WhiteTeamCountry "POL"]
[BlackTeamCountry "POL"]

1. e4 c5 2. Nf3 e6 3. c4 Nc6 4. d4 cxd4 5. Nxd4 Nf6 6. Nc3 Bb4 7. Nxc6 bxc6 8. Bd3 Qa5 9. 0-0 e5 10. Kh1 Bxc3 11. bxc3 d6 12. f4 h5 13. a4 Qxc3 14. fxe5 dxe5 15. Ra3 Qd4 16. Qc2 Rb8 17. Bd2 0-0 18. Be2 Rb2 0-1